000 00638nam a22002417a 4500
003 UA-OsUOA
001 124149
007 ta
008 20170801b un ||||| |||| 00| 0 ukr d
100 _aКапинус О. С.
090 _a343.61
_bК20
942 _cBK
040 _aUA-OsUOA
_brus
_cUA-OsUOA
_dUA-OsUOA
245 _aУбийства: мотивы и цели
300 _a312 с.
955 _a2
041 _arus
080 _a343.61
020 _a5-9594-0010-3
260 _aМ.
_bИМПЭ-Паблиш
_c2003
650 7 _a343 Кримінальне право. Карні порушення
_2UDC
999 _c411382
_d411382